Statistiken für Liedtext - Mein kleiner grüner Kaktus - Comedian Harmonists

Klicken Sie hier um das Quiz zu spielen!

Allgemein

  • Dieses Quiz wurde 490 mal gespielt
  • Das Durchschnittsergebnis liegt bei 146 aus 232

Antwortstatistiken

Textquiz% Korrekt
klein'
100%
grüner
99%
Kaktus
99%
Mein
99%
steht
97%
Balkon
96%
kleiner
95%
draußen
94%
Er
93%
hol'
93%
am
90%
ich
86%
Und
86%
und
86%
Der
83%
der
83%
sticht
82%
ein
79%
wenn
76%
meinen
75%
was
75%
Was
75%
Dann
73%
auf
67%
Bösewicht
67%
die
65%
Die
65%
Se
65%
spricht
65%
Das
63%
so
63%
So
63%
sie
62%
Sie
62%
ungezog'nes
61%
Rosen
59%
Es
58%
an
56%
nicht
56%
brauch'
55%
Ihr
55%
rote
55%
im
54%
mir
54%
Hollari
52%
hollari
52%
Mohn
52%
roten
52%
gar
51%
hollaro
51%
einen
49%
hab'n
49%
sag
49%
war
49%
dass
48%
Doch
48%
doch
48%
Garten
48%
um
48%
Vom
48%
fiel
47%
Blumen
46%
Den
46%
will
46%
Gesicht
45%
Herr
45%
heute
45%
Heute
45%
Narzissen
45%
oder
45%
runter
45%
Leut'
44%
Tulpen
44%
Türe
44%
Von
44%
von
44%
weiß
44%
Arten
43%
Krause
43%
Nachbarhause
43%
früh
42%
ist
42%
Tage
42%
viere
42%
glauben
41%
ihrem
41%
Leute
41%
sagt
41%
davon
40%
frage
40%
halten
40%
soeben
40%
wissen
40%
alles
39%
auf's
39%
Klopft's
39%
sich
39%
zwanzig
39%
Jetzt
38%
Ihren
37%
Nanu
37%
Leisten
35%
Verzeih'n
35%
anderswo
33%
Besuch
33%
Man
33%
gefälligst
32%
sagen
30%
Bewahr'n
29%
soll'n
25%
Frauen
22%
gerne
22%
obs's
22%
tragen
21%
möglich
20%
ähnlich
19%
kleinsten
19%
täglich
19%
gewöhnlich
18%
sonst
18%
find't
14%

Verteilung der Resultate

Perzentil nach korrekt beantworteten Fragen

Anzahl Personen mit jedem Resultat

Ihre Resultats-Entwicklung

Sie haben dieses Quiz noch nicht gespielt